Homosexualidad : un tabú que se derrumba /

El primer programa trata sobre los aspectos psicológicos de la homosexualidad, así como la organización y participación social como grupo marginado. En el segundo se revisan restrospectivamente los movimentos de mujeres en mundo, así como su participación en las reuniones de la ONU y sus efectos en...

Descrizione completa

Salvato in:
Dettagli Bibliografici
Autore principale: León, Alejandro de (autor)
Altri autori: Uribe, Alberto (autor) (autor), Romero, Adolfo (autor) (autor), Blanco, Teresa (guión) (guión), Campech, Sandra (guión) (guión), Martínez, Enrique (fotógrafo) (fotógrafo), Medina, Tomás (fotógrafo) (fotógrafo), Beristáin, Arturo (actuación) (actuación), Guadalupe, Ignacio (actuación) (actuación), O, Francisco de la (actuación) (actuación)
Natura: Videodisco
Lingua:spagnolo
Pubblicazione: México : UNAM, 1996, c1996
Serie:(En Contraste ; 1)
Soggetti:
Tags: Aggiungi Tag
Nessun Tag, puoi essere il primo ad aggiungerne!!

MARC

LEADER 00000ngm^a2200000^a^4500
001 000092412
005 20250521000000.0
009 20260310092720.82
037 |a Acervo ITESO - Biblioteca 
041 |a ESP 
082 |a 808.  |b ENC V. 1 
100 |a León, Alejandro de  |e (autor) 
245 1 0 |a Homosexualidad :  |b un tabú que se derrumba /  |c A. de León, A. Uribe, A. Romero. 
264 4 |a México :  |b UNAM,  |c 1996, c1996 
300 |a 1 videocasete VHS  |c (30, 30 min.) 
336 |a imagen móvil bidimensional  |b tdi  |2 rdacontenido 
337 |a video  |b v  |2 rdamedio 
338 |a videocasete  |b vf  |2 rdasoporte 
440 1 |a (En Contraste ;  |v 1) 
520 |a El primer programa trata sobre los aspectos psicológicos de la homosexualidad, así como la organización y participación social como grupo marginado. En el segundo se revisan restrospectivamente los movimentos de mujeres en mundo, así como su participación en las reuniones de la ONU y sus efectos en la organización regional. 
649 |a XX 
650 |a Roles de Género 
650 |a Discriminación de Género 
650 |a Marginación 
650 |a Movimientos de Mujeres 
650 |a Feminismo 
650 |a Homosexualidad 
650 |a Movimientos de Homosexuales 
650 |a Género 
650 |a Tolerancia e Intolerancia 
650 |a Política 
740 0 |a Mujeres a debate /  |c A. de León, A. Uribe, A. Romero. 
700 |a Uribe, Alberto  |e (autor) 
700 |a Romero, Adolfo  |e (autor) 
700 |a Blanco, Teresa  |e (guión) 
700 |a Campech, Sandra  |e (guión) 
700 |a Martínez, Enrique  |e (fotógrafo) 
700 |a Medina, Tomás  |e (fotógrafo) 
700 |a Beristáin, Arturo  |e (actuación) 
700 |a Guadalupe, Ignacio  |e (actuación) 
700 |a O, Francisco de la  |e (actuación) 
910 |a Fondo General 
920 |a Audiovisuales - Videocasetes 
940 |a Películas 
905 |a 301 
901 |a 0500024310  |b IT2  |c VIS  |u 20250521 
902 |a https://opac.biblio.iteso.mx/vufind/Record/000092412